Tự điển thực vật

Đã lưu trong:
書目詳細資料
主要作者: Phạm Hoàng Hộ
格式: 圖書
語言:Undetermined
出版: Cần thơ Viện Đại Học Cần Thơ 1969
主題:
標簽: 添加標簽
沒有標簽, 成為第一個標記此記錄!
Thư viện lưu trữ: Trung tâm Học liệu Trường Đại học Cần Thơ
LEADER 00591nam a2200181Ia 4500
001 CTU_23628
008 210402s9999 xx 000 0 und d
082 |a 580.3 
082 |b H450 
100 |a Phạm Hoàng Hộ 
245 0 |a Tự điển thực vật 
245 0 |c Phạm Hoàng Hộ, Lê Công Kiệt, Lê Tuệ Quang, Phùng Trung Ngân, Tô Ngọc Anh 
260 |a Cần thơ 
260 |b Viện Đại Học Cần Thơ 
260 |c 1969 
650 |a botany 
904 |i Liên, 980428 
980 |a Trung tâm Học liệu Trường Đại học Cần Thơ